Materiales handling : principles, equipment, and methods /

Guardado en:
Autor Principal: Stocker, Harry.
Formato: Libro
Idioma:English
Publicado: New York : Prentice-Hall, 1955.
Edición:2. ed.
Etiquetas: Agregar Etiqueta
Sin Etiquetas, Sea el primero en etiquetar este registro!
LEADER 00494nam a22001575a 4500
001 EUN.um034166
003 AR-BaUNS
005 20050623122908.0
008 041125s1955####xxua##########000#0#eng#d
245 1 0 |a Materiales handling :  |b principles, equipment, and methods /  |c Harry Stocker. 
260 |a New York :  |b Prentice-Hall,  |c 1955. 
300 |a 330 p. :  |b ilus. ;  |c 23,5 cm. 
100 1 |a Stocker, Harry. 
082 0 4 |a 621.86 
250 |a 2. ed. 
859 |a Ar-BaUNS  |b BIB. CENTRAL - Sector C  |h 621.86  |i St62a2  |p 3268/958